000 00497nam a22001577a 4500
003 OSt
008 240501b |||||||| |||| 00| 0 eng d
020 _a9789354539961
082 _a344.01 SRI
100 _aSRIVASTAVA,SC
245 _aIndustrial Relations and Labour Laws: Including labour laws on social security, wages, minimum standards of Employment and Labour Code
250 _a8th ed
260 _aNoida
_bVikas Publishing House Private Limited
_c2023
300 _a800
942 _2ddc
_cBK
999 _c12593
_d12593